000
00318nam a2200133Ia 4500
008
240624s9999 xx 000 0 und d
041
_a
eng
082
_a
658.404 HAB
100
_a
HABERMAS JURGEN
245
_a
EUROPE THE FALTERING PROJECT
260
_c
2009
_a
Cambridge
_b
Wiley
300
_a
192 : p.
365
_c
_b
28
999
_c
21199
_d
21199